=LDR 00000nam 2200000 4500 =001 NUTBA000000000002432 =005 20140616150949.0 =006 =007 =008 =020 ##$$a 978-979-007-362-3 =035 ##$$0010-061400000000375 =082 ##$$a 364.155 980 26-Far-a =100 ##$$a Dra.Farhana,SH =245 ##$$a aSPEK HUKUM PERDAGANGAN ORANG DI iNDONESIA =250 ##$$a CET.2 =260 ##$$a Jakarta $b Sinar Grafika $c 2012 =300 ##$$a ix,203 hlm $c 21 cm =990 ##$$a 21400613/BPAP-NTB/20142014 =990 ##$$a 0001/BPAP-NTB/20142014 =990 ##$$a 0247/BPAP-NTB/2015 =990 ##$$a 0001/BPAP-NTB/2015 =990 ##$$a 0001/BPAP-NTB/2016